| 000 | 01270nam a22002657a 4500 | ||
|---|---|---|---|
| 005 | 20170216113732.0 | ||
| 010 | _aENG-117267-270 | ||
| 020 |
_c8500.00 (set of 4 vols.) _a9789350358900 (4-vols.) |
||
| 035 | _aEN-100799-802 | ||
| 037 | _bDBAD/PUB | ||
| 082 | _a347.5406 | ||
| 100 | _a Woodroffe, John George | ||
| 245 |
_aSir John Woodroffe & Syed Amir Ali’s Law of evidence / _cby John Woodroffe [and] Syed Amir Ali ; revised by B.M. Prasad [and] Manish Mohan |
||
| 246 | _aSir John Woodroffe and Syed Amir Ali’s Law of evidence | ||
| 246 | _a Law of evidence | ||
| 250 | _a20th ed.by B.M. Prasad and Manish Mohan | ||
| 260 |
_aGurgaon _bLexis Nexis _c2017 |
||
| 270 |
_a14th Floor, Building No. 10, Tower-B, DLF Cyber City, Phase-II, _bGurgaon _e122002 |
||
| 300 |
_a 4-vols.(ccIvi,1451,98p.; ccIxxxvii,1452-2972,98p.;ccxcv,2973-4370,98p.;ccxxxii,4371-5659,98p.) _c25cm(Hb) |
||
| 500 | _aIncludes index | ||
| 505 | _avol-1-the Indian Evidence Act,1872 Secs.-1to24--vol-2-the Indian Evidence Act,1872 secs 25to 90A---vol-3-the Indian Evidence Act,1872 secs 91 to 114A---vol-4-the Indian Evidence Act,1872 secs 115to 167and Appendices. | ||
| 700 | _a Ali, Syed Ameer, | ||
| 700 | _aPrasad, B.M. | ||
| 942 |
_2ddc _cEN _mWOO _h347.5406 |
||
| 999 |
_c137637 _d137637 |
||